000 00453nam a22001577a 4500
005 20230705161654.0
008 230705b ||||| |||| 00| 0 eng d
040 _cAACR2
082 _a628.44 SKA
100 _aSkanda, M.G and Ramesh, V
_914529
245 _aThyajyarahitha uthpadhane thathvagalu mattu nirvahane
260 _aBelagavi
_bPrasaranga
_c2021
300 _a68p.
650 _a Janapriya tantrika sikshana male
_914527
942 _2ddc
_cBK
999 _c194481
_d194481